<?xml version="1.0" encoding="UTF-8"?>
<collection xmlns="http://www.loc.gov/MARC21/slim">
 <record>
  <leader>02187nam a2200229Ia 4500</leader>
  <controlfield tag="001">CTU_197490</controlfield>
  <controlfield tag="008">210402s9999    xx            000 0 und d</controlfield>
  <datafield tag="020" ind1=" " ind2=" ">
   <subfield code="c">280000</subfield>
  </datafield>
  <datafield tag="082" ind1=" " ind2=" ">
   <subfield code="a">320.1509597</subfield>
  </datafield>
  <datafield tag="082" ind1=" " ind2=" ">
   <subfield code="b">Nh100</subfield>
  </datafield>
  <datafield tag="100" ind1=" " ind2=" ">
   <subfield code="a">Nguyễn, Nhã</subfield>
  </datafield>
  <datafield tag="245" ind1=" " ind2="0">
   <subfield code="a">Đặc khảo về Hoàng Sa Trường Sa :</subfield>
  </datafield>
  <datafield tag="245" ind1=" " ind2="0">
   <subfield code="b">Biển Đông và chủ quyền Hoàng Sa, Trường Sa của Việt Nam</subfield>
  </datafield>
  <datafield tag="245" ind1=" " ind2="0">
   <subfield code="c">Nguyễn Nhã (chủ biên)</subfield>
  </datafield>
  <datafield tag="260" ind1=" " ind2=" ">
   <subfield code="a">Hà Nội</subfield>
  </datafield>
  <datafield tag="260" ind1=" " ind2=" ">
   <subfield code="b">Hội Nhà Văn</subfield>
  </datafield>
  <datafield tag="260" ind1=" " ind2=" ">
   <subfield code="c">2014</subfield>
  </datafield>
  <datafield tag="520" ind1=" " ind2=" ">
   <subfield code="a">&quot;Cuốn sách này chỉ là một nỗ lực sơ khởi của một nhóm tư nhân, eo hẹp về phương tiện, nhưng có một tấm lòng, một lương tri, tôn trọng sự thực đã chứng minh đầy đủ chủ quyền thực sự đã thuộc về Việt Nam từ lâu. Nay &quot;Cộng hòa Nhân Dân Trung Hoa&quot; đã dùng võ lực cưỡng chiếm Hoàng Sa. Một số tác phẩm nghiên cứu Trung Hoa đang nỗ lực đưa những tài liệu ngụy tạo, để bóp méo lịch sử, chà đạp sự thực. Chúng tôi xin lên tiếng mong mỏi nơi lương tri của các nhà nghiên cứu Trung Hoa. Sự phẫn uất của các nhà thức giả Việt Nam cũng chẳng khác, có khi còn mãnh liệt hơn sự phẫn uất của các thức giả Trung Hoa đối với việc nước Nga cưỡng chiếm các vùng đất biên cương phía bắc của Trung Quốc. Bởi Hoàng Sa không những thật sự là đất đã lâu đời thuộc Việt Nam mà còn là nơi hiểm yếu về chiến lược của Việt Nam, lấy Hoàng Sa của Việt Nam chẳng khác nào bóp nghẹt Việt Nam.&quot; - Tác giả</subfield>
  </datafield>
  <datafield tag="650" ind1=" " ind2=" ">
   <subfield code="a">Spratly Island,Paracel Island,Quần đảo Hoàng Sa,Quần đảo Trường Sa</subfield>
  </datafield>
  <datafield tag="650" ind1=" " ind2=" ">
   <subfield code="z">Vietnam,Vietnam,Việt Nam,Việt Nam</subfield>
  </datafield>
  <datafield tag="904" ind1=" " ind2=" ">
   <subfield code="i">Bằng</subfield>
  </datafield>
  <datafield tag="980" ind1=" " ind2=" ">
   <subfield code="a">Trung tâm Học liệu Trường Đại học Cần Thơ</subfield>
  </datafield>
 </record>
</collection>
